Сабина Шпильрейн: "почти жестокая любовь к науке" (Запись № 1554528)

Подробности
000 -МАРКЕР
контрольное поле 01709nam0a2200349 4500
001 - ИДЕНТИФИКАТОР ЗАПИСИ
контрольное поле RU\NLR\bibl\1766205
005 - ИДЕНТИФИКАТОР ВЕРСИИ
контрольное поле 20260405221113.0
010 ## - МЕЖДУНАРОДНЫЙ СТАНДАРТНЫЙ НОМЕР КНИГИ (ISBN)
Номер (ISBN) 978-5-222-11619-7
Тираж 3000
035 ## - ДРУГИЕ СИСТЕМНЫЕ НОМЕРА
Идентификатор записи (NLR Aleph) 001757001
100 ## - ДАННЫЕ ОБЩЕЙ ОБРАБОТКИ
Данные общей обработки 20110504d2007 |||y0rusy50 ca
101 1# - ЯЗЫК РЕСУРСА
Язык текста, звукозаписи и т.д. русский
Язык оригинала немецкий
102 ## - СТРАНА ПУБЛИКАЦИИ ИЛИ ПРОИЗВОДСТВА
Страна публикации Российская Федерация
105 ## - ПОЛЕ КОДИРОВАННЫХ ДАННЫХ: ТЕКСТОВЫЕ МАТЕРИАЛЫ, МОНОГРАФИЧЕСКИЕ
Кодированные данные о монографическом текстовом документе a |||||||||
200 1# - ЗАГЛАВИЕ И СВЕДЕНИЯ ОБ ОТВЕТСТВЕННОСТИ
Основное заглавие Сабина Шпильрейн: "почти жестокая любовь к науке"
Сведения, относящиеся к заглавию биография
Первые сведения об ответственности Сабина Рихебехер
Последующие сведения об ответственности [пер. с нем.: К.А. Петросян, И.Е. Попов
-- науч. ред. и лит. обраб. пер., вступ. ст. и примеч. в тексте - к.психол.н., доц. Ф.Р. Филатов]
210 ## - ПУБЛИКАЦИЯ, РАСПРОСТРАНЕНИЕ И ДР.
Место издания, распространения и т.д. Ростов-на-Дону
Имя издателя, распространителя и т. д. Феникс
Дата издания, распространения и т.д. 2007
215 ## - ФИЗИЧЕСКАЯ ХАРАКТЕРИСТИКА
Специфическое обозначение материала и объем 413 с., [8] л. ил., портр., факс.
Размеры 21
225 1# - СЕРИЯ
Основное заглавие серии Портреты без ретуши
320 ## - ПРИМЕЧАНИЯ О НАЛИЧИИ В ДОКУМЕНТЕ БИБЛИОГРАФИИ / УКАЗАТЕЛЯ
Текст примечания Библиогр. в примеч.: с. 290-291
320 ## - ПРИМЕЧАНИЯ О НАЛИЧИИ В ДОКУМЕНТЕ БИБЛИОГРАФИИ / УКАЗАТЕЛЯ
Текст примечания Библиогр. в тексте прил.: с. 292-370
320 ## - ПРИМЕЧАНИЯ О НАЛИЧИИ В ДОКУМЕНТЕ БИБЛИОГРАФИИ / УКАЗАТЕЛЯ
Текст примечания Психоаналит. наследие, основные изд. работ С.Н. Шпильрейн: с. 381-384
320 ## - ПРИМЕЧАНИЯ О НАЛИЧИИ В ДОКУМЕНТЕ БИБЛИОГРАФИИ / УКАЗАТЕЛЯ
Текст примечания Библиогр.: с. 385-412
600 #1 - ИМЯ ЛИЦА КАК ПРЕДМЕТ
Начальный элемент ввода Шпильрейн
Часть имени, кроме начального элемента ввода С.
Даты 1885 - 1942
Расширение инициалов личного имени Сабина Николаевна
Системный номер авторитетной/нормативной записи 2552946
Идентификатор авторитетной/нормативной записи RU\NLR\auth\661510550
686 ## - ИНДЕКСЫ ДРУГИХ КЛАССИФИКАЦИЙ
Индекс Ю91(2)72-736
700 #1 - ИМЯ ЛИЦА - ПЕРВИЧНАЯ ОТВЕТСТВЕННОСТЬ
Начальный элемент ввода Рихебехер
Часть имени, кроме начального элемента ввода С.
Расширение инициалов личного имени Сабина
Код отношения Автор
702 #1 - ИМЯ ЛИЦА - ВТОРИЧНАЯ ОТВЕТСТВЕННОСТЬ
Код отношения Прочие
Графика поля Кириллица
Материалы, к которым относится поле rus
Начальный элемент ввода Шпильрейн
Часть имени, кроме начального элемента ввода С. Н.
Дополнения к именам, кроме дат 1885-1942
Расширение инициалов личного имени Сабина Николаевна
Системный номер авторитетной/нормативной записи 82380
Идентификатор авторитетной/нормативной записи RU\NLR\auth\7799454
801 #0 - ИСТОЧНИК ЗАПИСИ
Страна Российская Федерация
Организация NLR
Дата составления 20110504
Правила каталогизации RCR
801 #1 - ИСТОЧНИК ЗАПИСИ
Страна Российская Федерация
Организация NLR
Дата составления 20110504
830 ## - ОБЩЕЕ ПРИМЕЧАНИЕ, СОСТАВЛЕННОЕ КАТАЛОГИЗАТОРОМ
Текст примечания по кн
942 ## - ДОПОЛНИТЕЛЬНЫЕ ЭЛЕМЕНТЫ ЗАПИСИ (АБИС)
Тип экземпляра АБИС Книга
980 ## - КОЛЛЕКЦИЯ
Название коллекции Национальная библиография
Экземпляры
Тип экземпляра Дата поступления Источник поступления Стоимость Библиотека постоянного хранения Библиотека текущего хранения Место хранения Шифр хранения Штрих-код Статус экземпляра
Книга 04.05.2011 Покупка СТ 129.80 РНБ (Московский) РНБ (Московский) Русский книжный фонд: издания с 1957 года 2011-3/14719 1-1107658  
Книга 30.05.2011 Покупка СТ 98.60 РНБ (Московский) РНБ (Московский) Русский книжный фонд: издания с 1957 года 2011-3/14719 3426500